000 02277nam a2200241Ia 4500
000 03325naaa 00553uu
001 https://directory.doabooks.org/handle/20.500.12854/70036
005 20260218110034.0
008 211013s9999 xx 000 0 und d
020 _a9781315157566
024 _a10.4324/9781315157566
042 _adc
245 0 _aThe Legitimacy of Modern Democracy : A Study on the Political Thought of Max Weber, Carl Schmitt and Hans Kelsen
260 _bTaylor & Francis
_c2021
300 _a1 electronic resource (220 p.)
520 _aBy re-examining the political thought of Max Weber, Carl Schmitt and Hans Kelsen, this book offers a reflection on the nature of modern democracy and the question of its legitimacy. Pedro T. Magalhaes shows that present-day elitist, populist and pluralist accounts of democracy owe, in diverse and often complicated ways, an intellectual debt to the interwar era, German-speaking, scholarly and political controversies on the problem(s) of modern democracy. A discussion of Weber's 2019;s ambivalent diagnosis of modernity and his elitist views on democracy, as they were elaborated especially in the 1910s, sets the groundwork for the study. Against that backdrop, Schmitt's 2019;s interwar political thought is interpreted as a form of neo-authoritarian populism, whereas Kelsen evinces robust, though not entirely unproblematic, pluralist consequences. In the conclusion, the author draws on Claude Lefort's 2019;s concept of indeterminacy to sketch a potentially more fruitful way than can be gleaned from the interwar German discussions of conceiving the nexus between the elitist, populist and pluralist faces of modern democracy. The Legitimacy of Modern Democracy will be of interest to political theorists, political philosophers, intellectual historians, theoretically oriented political scientists, and legal scholars working in the subfields of constitutional law and legal theory.
540 _aCreative Commons
653 _aCarl Schmitt
700 1 _aMagalhaes, Pedro T.
856 _uhttps://docs.google.com/spreadsheets/d/1yKIrdCPDAG_9c22mwoOIO2DOhtj65Wqa/edit?usp=sharing&ouid=106555315294820607512&rtpof=true&sd=true
_yList of Curated E-Books
942 _cE-BOOK
999 _c53709
_d53709